Animals A-Z : (Record no. 7409)

MARC details
000 -LEADER
fixed length control field 01054nam a22002777a 4500
001 - CONTROL NUMBER
control field 7409
003 - CONTROL NUMBER IDENTIFIER
control field FISKH
005 - DATE AND TIME OF LATEST TRANSACTION
control field 20250714100133.0
008 - FIXED-LENGTH DATA ELEMENTS--GENERAL INFORMATION
fixed length control field 250714b cb ||||| |||| 00| 0 eng d
020 ## - INTERNATIONAL STANDARD BOOK NUMBER
International Standard Book Number 9780312510855
040 ## - CATALOGING SOURCE
Original cataloging agency FISKH
Language of cataloging eng
Transcribing agency FISKH
Modifying agency FISKH
050 ## - LIBRARY OF CONGRESS CALL NUMBER
Classification number QL49.C683
082 ## - DEWEY DECIMAL CLASSIFICATION NUMBER
Classification number 590
100 ## - MAIN ENTRY--PERSONAL NAME
Personal name Cornford, Lovisa
245 ## - TITLE STATEMENT
Title Animals A-Z :
Remainder of title For kids who really love animals! /
Statement of responsibility, etc. Written by Lovisa Cornford ; Designed by Bethany Side and Nicola Friggens
260 ## - PUBLICATION, DISTRIBUTION, ETC.
Place of publication, distribution, etc. New York :
Name of publisher, distributor, etc. Priddy Books,
Date of publication, distribution, etc. 2011.
300 ## - PHYSICAL DESCRIPTION
Extent 28 unnumbered pages :
Other physical details color illustrations ;
Dimensions 26 x 32 cm
505 ## - FORMATTED CONTENTS NOTE
Formatted contents note G<br/>
520 ## - SUMMARY, ETC.
Summary, etc. Meet 26 of the most incredible animals which inhabit out planet - one for each letter of the alphabet. Find out what they eat, how big they are and more with this amazing A to Z.
521 8# - TARGET AUDIENCE NOTE
Target audience note 400<br/>
Source Lexile estimate<br/><br/>
521 8# - TARGET AUDIENCE NOTE
Target audience note G<br/>
Source Raz-Plus<br/>
650 ## - SUBJECT ADDED ENTRY--TOPICAL TERM
Topical term or geographic name entry element Alphabet
Form subdivision Science
General subdivision Wildlife
Chronological subdivision Picture Book
700 ## - ADDED ENTRY--PERSONAL NAME
Personal name Side, Bethany
Relator term Designer
700 ## - ADDED ENTRY--PERSONAL NAME
Personal name Friggens, Nicola
Relator term Designer
942 ## - ADDED ENTRY ELEMENTS (KOHA)
Source of classification or shelving scheme Dewey Decimal Classification
Koha item type Books
Suppress in OPAC No
Holdings
Withdrawn status Lost status Source of classification or shelving scheme Damaged status Not for loan Collection Home library Current library Shelving location Date acquired Total Checkouts Full call number Barcode Date last seen Date last checked out Copy number Price effective from Koha item type
    Dewey Decimal Classification     Non-Fiction Footprints International School Library Network Toul Kork Campus Footprints International School Library Network Toul Kork Campus TK Primary Library Room(4th Floor), Bookcase 1&2, Shelves 1-16, Dark Blue Books 07/14/2025 1 COR 590 QL49.C683 FISTK02394 10/17/2025 10/03/2025 1 07/14/2025 Books